000 00478cam a22001577a 4500
008 180718b2004 xxu||||| |||| 00| 0 eng d
020 _a817391625X
082 _aT39x54 P886i
100 _aPrasad, Narendra
245 _aIndia's international trade and economic reforms
_cby Narendra Prasad
260 _aNew Delhi
_bKanishka
_c2004
300 _a206p.
650 _aIndia - Economic conditions
650 _aIndia - Foreign economic relations
650 _aInternational trade
999 _c402288
_d402288